| 000 | 00478nam a2200157Ia 4500 | ||
|---|---|---|---|
| 008 | 160316s1992 xxu||||| |||| 00| 0 eng d | ||
| 082 |
_a341.754000 _bNAB |
||
| 100 | _aNAB | ||
| 245 | _aManual for foreign collaboration and investment in India | ||
| 250 | _a2nd | ||
| 260 |
_aNew Delhi _bNabhi Publications _c1992 |
||
| 300 |
_a503p _b _c |
||
| 365 | _bGratis | ||
| 650 | _a1. Foreign collaboration laws-India-A manual 2. Foreign Investment laws-India-A manual | ||
| 700 |
_a _a |
||
| 999 |
_c22657 _d22657 |
||